Statistics for Definite Article in Balto-Slavic Languages

Click here to take the quiz!

General Stats

  • This quiz has been taken 12 times
  • The average score is 7 of 14

Answer Stats

Answer% Correct
-a / -я
92%
-та
83%
-те
83%
-то
75%
-но
58%
-от
50%
-он
50%
-ът / -ят
50%
-не
42%
-ва
33%
-на
33%
-во
33%
-ве
33%
-ов
25%

Score Distribution

Percentile by Number Answered

Percent of People with Each Score

Your Score History

You have not taken this quiz